Research for development: a practical guide. ( 2nd ed.) (Record no. 56297)
[ view plain ]
| 000 -LEADER | |
|---|---|
| fixed length control field | 00657nam a2200169 a 4500 |
| 008 - FIXED-LENGTH DATA ELEMENTS--GENERAL INFORMATION | |
| fixed length control field | 130911s2013 ||||||||||||||||| || u |
| 020 ## - INTERNATIONAL STANDARD BOOK NUMBER | |
| International Standard Book Number | 9781446252376 |
| 050 ## - LIBRARY OF CONGRESS CALL NUMBER | |
| Classification number | HD 77 Res |
| 100 ## - MAIN ENTRY--PERSONAL NAME | |
| Personal name | Harper, Caroline |
| 245 10 - TITLE STATEMENT | |
| Title | Research for development: a practical guide. ( 2nd ed.) |
| Statement of responsibility, etc. | by Sophie Laws (and others) |
| 250 ## - EDITION STATEMENT | |
| Edition statement | 2nd ed. |
| 260 ## - PUBLICATION, DISTRIBUTION, ETC. | |
| Place of publication, distribution, etc. | Los Angeles: |
| Name of publisher, distributor, etc. | SAGE Publications |
| Date of publication, distribution, etc. | 2013 |
| 300 ## - PHYSICAL DESCRIPTION | |
| Extent | xvii, 425p.: ill. |
| 650 #0 - SUBJECT ADDED ENTRY--TOPICAL TERM | |
| Topical term or geographic name entry element | ECONOMIC DEVELOPMENT--RESEARCH--METHODOLOGY |
| 700 ## - ADDED ENTRY--PERSONAL NAME | |
| Personal name | Laws, Sophie |
| 995 ## - RECOMMENDATION 995 [LOCAL, UNIMARC FRANCE] | |
| -- | CBU-MAIN LIBRARY (Kitwe) |
| -- | 1 |
| -- | AVAILABLE |
| -- | Oct 2, 2013 |
| -- | Main Library Open Access Collection |
| Withdrawn status | Lost status | Source of classification or shelving scheme | Damaged status | Not for loan | Home library | Current library | Shelving location | Date acquired | Total Checkouts | Full call number | Barcode | Date last seen | Price effective from | Koha item type |
|---|---|---|---|---|---|---|---|---|---|---|---|---|---|---|
| CBU-MAIN LIBRARY, KITWE. | CBU-MAIN LIBRARY, KITWE. | 11/30/2022 | HD 77 Res | 744510 | 11/30/2022 | 11/30/2022 | MONOGRAPH |